Detalles MARC
| 000 -LEADER |
| fixed length control field |
01793nam a2200301 a 4500 |
| 001 - CONTROL NUMBER |
| control field |
000013503 |
| 003 - CONTROL NUMBER IDENTIFIER |
| control field |
DO-SdBNP |
| 005 - DATE AND TIME OF LATEST TRANSACTION |
| control field |
20230717124651.0 |
| 007 - PHYSICAL DESCRIPTION FIXED FIELD--GENERAL INFORMATION |
| fixed length control field |
ta |
| 008 - FIXED-LENGTH DATA ELEMENTS--GENERAL INFORMATION |
| fixed length control field |
091125s2002 dr a 000 0 spa d |
| 020 ## - INTERNATIONAL STANDARD BOOK NUMBER |
| International Standard Book Number |
9993431141 |
| 040 ## - CATALOGING SOURCE |
| Original cataloging agency |
DO-SdBNP |
| Language of cataloging |
spa |
| Transcribing agency |
BPMSU |
| 082 #4 - DEWEY DECIMAL CLASSIFICATION NUMBER |
| Classification number |
972.93053 |
| Item number |
O69i 2002 |
| Edition number |
22 |
| 245 04 - TITLE STATEMENT |
| Title |
Los orígenes de la ideología trujillista / |
| Statement of responsibility, etc. |
editor Diógenes Céspedes ; Juan Bosch ... [et al.]. |
| 260 ## - PUBLICATION, DISTRIBUTION, ETC. (IMPRINT) |
| Place of publication, distribution, etc. |
Santo Domingo : |
| Name of publisher, distributor, etc. |
BNPHU, |
| Date of publication, distribution, etc. |
2002. |
| 300 ## - PHYSICAL DESCRIPTION |
| Extent |
227 p. : |
| Other physical details |
il. ; |
| Dimensions |
21 cm. |
| 490 0# - SERIES STATEMENT |
| Series statement |
Monográfica "Para la Libertad", |
| Volume/sequential designation |
2 |
| 500 ## - GENERAL NOTE |
| General note |
Incluye referencias bibliográficas y notas al pie de las páginas |
| 505 0# - FORMATTED CONTENTS NOTE |
| Formatted contents note |
Un artículo de septiembre de 1929 |
| Statement of responsibility |
Juan Bosch -- |
| Title |
Párrafos / |
| Statement of responsibility |
por G. Despradel Batista -- |
| Title |
Una síntesis de la Conferencia del Dr. Max Henríquez Ureña -- |
| -- |
Fuerza no, razón y justicia / |
| Statement of responsibility |
por G. Despradel Batista -- |
| Title |
Réplica del Dr. Max Henríquez Ureña a los conceptos vertidos por el Sr. Guido Despradel Batista -- |
| -- |
Contra réplica del Sr. Guido Despradel Batista a la carta del Dr. Max Henríquez Ureña -- |
| -- |
Cartilla cívica para el pueblo dominicano / |
| Statement of responsibility |
Rafael L. Trujillo -- |
| Title |
El ideario de Rodó en el trujillismo / |
| Statement of responsibility |
Arístides Incháustegui -- |
| Title |
La ideología trujillista / |
| Statement of responsibility |
Diógenes Céspedes -- |
| Title |
El efecto Rodó : nacionalismo idealista vs. nacionalismo práctico. Los intelectuales antes de y bajo Trujillo/ |
| Statement of responsibility |
Diógenes Céspedes. |
| 590 ## - LOCAL NOTE (RLIN) |
| Local note |
Inventariado, 2023/VM |
| 600 14 - SUBJECT ADDED ENTRY--PERSONAL NAME |
| Personal name |
Trujillo Molina, Rafael Leônidas , |
| Dates associated with a name |
1891-1961 |
| General subdivision |
Filosofía |
| 650 #4 - SUBJECT ADDED ENTRY--TOPICAL TERM |
| Topical term or geographic name as entry element |
Pensamiento político y social |
| 651 #4 - SUBJECT ADDED ENTRY--GEOGRAPHIC NAME |
| Geographic name |
República Dominicana |
| General subdivision |
Política Y Gobierno |
| Chronological subdivision |
1930-1961 |
| 700 1# - ADDED ENTRY--PERSONAL NAME |
| Personal name |
Bosch, Juan, |
| Dates associated with a name |
1909-2001 |
| 9 (RLIN) |
1 |
| 700 1# - ADDED ENTRY--PERSONAL NAME |
| Personal name |
Céspedes, Diógenes, |
| Dates associated with a name |
1941- |
| Relator term |
ed. |
| 910 ## - USER-OPTION DATA (OCLC) |
| User-option data |
VMateo V.. Control de calidad BPMSU |
| 942 ## - ADDED ENTRY ELEMENTS (KOHA) |
| Source of classification or shelving scheme |
Dewey Decimal Classification |
| Koha item type |
Libros |